Fast strategy : (Record no. 1623)
[ view plain ]
| 000 -LEADER | |
|---|---|
| fixed length control field | 00853cam a2200169 a 4500 |
| 020 ## - INTERNATIONAL STANDARD BOOK NUMBER | |
| ISBN | 9780273712442 |
| 050 00 - CALL NUMBER | |
| Classification number | HD30.28 |
| Item number | .D69 |
| 100 1# - AUTHOR | |
| Personal name | Doz, Yves L. |
| 245 10 - TITLE | |
| Title | Fast strategy : |
| Remainder of title | how strategic agility will help you stay ahead of the game / |
| Statement of responsibility, etc | Yves Doz and Mikko Kosonen. |
| 260 ## - PUBLICATION INFORMATION | |
| Place of publication | Harlow, England ; |
| -- | New York : |
| Name of publisher | Pearson/Longman, |
| Year of publication | 2008. |
| 300 ## - DESCRIPTION | |
| Number of Pages | xviii, 253 p. : |
| Other physical details | ill. ; |
| Dimensions | 24 cm. |
| 500 ## - NOTES | |
| General note | Includes index |
| 505 ## - FORMATTED CONTENTS NOTE | |
| Table of Content | The fast strategy game --<br/>Strategic agility : the challenge --<br/>The dancing elephant --<br/>Sharpening strategic sensitivity --<br/>Building collective commitment --<br/>Enabling resource fluidity --<br/>Strategic agility : lost and found --<br/>Mobilizing minds --<br/>Energizing hearts --<br/>Flexing the organization --<br/>Depoliticizing top management. |
| 650 #0 - SUBJECTS | |
| Topical Term | Strategic planning. |
| 700 1# - OTHER AUTHORS | |
| Personal name | Kosonen, Mikko. |
| 942 ## - ADDED ENTRY ELEMENTS (KOHA) | |
| Koha item type | Books |
| Withdrawn status | Lost status | Collection code | Home library | Current library | Shelving location | Date acquired | Full call number | Accession Number | Koha item type |
|---|---|---|---|---|---|---|---|---|---|
| Reference | Methodist University Library Main | Methodist University Library Main | General Stacks | 11/04/2012 | HD30.28 .D69 | 36003 | Books | ||
| Methodist University Library Wenchi Faculty | Methodist University Library Wenchi Faculty | 19/10/2021 | HD30.28 .D69 | 36004 | Books |